书目信息 |
| 题名: |
土力学及地基基础自学辅导
|
|
| 作者: | 杨小平 主编 | |
| 分册: | ||
| 出版信息: | 武汉 武汉大学出版社 2001.02 |
|
| 页数: | 193页 | |
| 开本: | 26cm | |
| 丛书名: | ||
| 单 册: | ||
| 中图分类: | TU4-44 | |
| 科图分类: | ||
| 主题词: | 土力学 , 地基--基础(工程) | |
| 电子资源: | ||
| ISBN: | 7-307-03143-4 | |
| 000 | 00648nam0 2200217 45 | |
| 001 | 0241962755 | |
| 005 | 2002041011392275 | |
| 010 | @a7-307-03143-4@dRMB 17.50 | |
| 100 | @a20020410d2001 km y0chiy0120 ea | |
| 101 | 0 | @achi |
| 102 | @aCN@b420000 | |
| 200 | 1 | @a土力学及地基基础自学辅导@ATu Li Xue Ji Di Ji Ji Chu Zi Xue Fu Dao@f杨小平主编@FYang Xiao Ping Zhu Bian |
| 210 | @a武汉@c武汉大学出版社@d2001.02 | |
| 215 | @a193页@d26cm | |
| 300 | @a全国高等教育自学考试 | |
| 606 | 0 | @a土力学 |
| 606 | 0 | @a地基@x基础(工程) |
| 690 | @aTU4-44@v3 | |
| 701 | 0 | @a杨小平@AYang Xiao Ping@4主编 |
| 801 | 0 | @aCN@bPFT@c20020410 |
| 905 | @a10447@dTU4-44@eY304 | |
| 土力学及地基基础自学辅导/杨小平主编.-武汉:武汉大学出版社,2001.02 |
| 193页;26cm |
| 全国高等教育自学考试 |
| ISBN 7-307-03143-4:RMB 17.50 |
| ● |
| 相关链接 |
|
|
|
正题名:土力学及地基基础自学辅导
索取号:TU4-44/Y304
 
预约/预借
| 序号 | 登录号 | 条形码 | 馆藏地/架位号 | 状态 | 备注 |
| 1 | 358651 | 203586510 | 自科二线404/404自科库 26排2列2层/ [索取号:TU4-44/Y304] | 在馆 | |
| 2 | 358652 | 203586529 | 建筑库101/101建筑库 94排1列2层/ [索取号:TU4-44/Y304] | 在馆 | |
| 3 | 358653 | 203586538 | 建筑库101/101建筑库 94排1列2层/ [索取号:TU4-44/Y304] | 在馆 | |
| 4 | 358654 | 203586547 | 建筑库101/101建筑库 94排1列2层/ [索取号:TU4-44/Y304] | 在馆 | |
| 5 | 358655 | 203586556 | 自科二线404/404自科库 28排6列1层/ [索取号:TU4-44/Y304] | 在馆 | |
| 6 | 360670 | 203606703 | 管理学院资料室/ [索取号:TU4-44/Y304] | 在馆 | |
| 7 | 360671 | 203606712 | 土木与交通工程学院资料室/101建筑库 47排5列1层/ [索取号:TU4-44/Y304] | 在馆 | |
| 8 | 360672 | 203606721 | 建筑库101/101建筑库 94排1列2层/ [索取号:TU4-44/Y304] | 在馆 |